000 00962 a2200217 4500
003 Nust
005 20221122124655.0
010 _a 96037427
020 _a0827378866
040 _cNust
082 0 0 _a621.381,SMI
100 1 _aSmith, H. Ted.
_9103339
245 1 0 _aQuality hand soldering and circuit board repair /
_cH. (Ted) Smith.
250 _a2nd ed.
260 _aAlbany, NY :
_bDelmar,
_cc1997.
300 _aix, 109 p. :
_bill. ;
_c23 cm.
505 _aGeneral Soldering Information (Page-1), Soldering Techniques (Page-9), Stripping and Tinning Stranded Wires (Page-15), Installing and Soldering Tinned Wires (Page-23), Components (Page-31), Disordering (Page-59), Evolution (Page-69), Conformal Coatings and Solder (Page-71), Burn Repairs (Page-87), Edge Connectors (Page-91), Modifications (Page-95), Electrostatic Discharge (Page-99).
650 0 _aSolder and soldering.
_945050
650 0 _aTelecommunication Engineering
942 _2ddc
_cBK
999 _c178610
_d178610